000 00631nam a2200193Ia 4500
003 GCL
008 140319s9999 xx 000 0 ara d
040 _aGCL /
_cGCL
082 0 4 _a810.9015
_bد ر
100 1 _aدرويش الجندى
245 1 0 _aالرمزية فى الادب العربى /
_cدرويش الجندى
260 _aالقاهرة :
_bنهضة مصر للطباعة والنشر والتوزيع
300 _a570 ص ؛
_c24 سم
490 _a
650 0 4 _aالادب العربى
650 0 4 _aالمذاهب الادبية
650 0 4 _aالرمزية فى الادب العربى
942 _2ddc
_cBK
999 _c30210
_d30210